Which Eurovision country? Picture quiz - Statistics

General Stats
  • This quiz has been taken 19 times
  • The average score is 7 of 16
Answer Stats
Picture Answer % Correct
Spain: Julio Iglesias
87%
Russia: t.A.T.u.
80%
UK: Bonnie Tyler
80%
Cyprus / Greece: Anna Vissi
60%
Luxemburg: Nana Mouskouri
60%
Russia: Alla Pugacheva
53%
France: Anggun
47%
France: Patricia Kaas
47%
UK: Blue
47%
Italy: Mia Martini
40%
Estonia: Koit Toome
27%
Slovenia: Darja Švajger
27%
Yugoslavia: Lola Novaković
27%
Sweden: Lill Lindfors
20%
Turkey: MFÖ
13%
Germany: Münchener Freiheit
7%
No matching quizzes found
Score Distribution
Percent of People with Each Score
Percentile by Number Answered
Your Score History
You have not taken this quiz